[Event "IRI-ch U10"]
[Site "Chess.com INT"]
[Date "2021.01.16"]
[Round "9"]
[White "Naderiyan, Amir Hosein"]
[Black "Mahdizadeh, Sadra"]
[Result "0-1"]
[WhiteElo "1257"]
[BlackElo "1144"]
[PlyCount "124"]
[EventDate "2021.01.16"]
[EventType "swiss"]
[EventRounds "11"]
[EventCountry "IRI"]
[SourceTitle "EXT 2022"]
[Source "ChessBase"]
[SourceDate "2021.10.06"]
[SourceVersion "1"]
[SourceVersionDate "2021.10.06"]
[SourceQuality "1"]

1. e4 c5 2. Nf3 d6 3. d3 Nc6 4. g3 Nf6 5. Bg2 g6 6. 0-0 Bg7 7. Re1 0-0 8. c3 e5 9. h3 Be6 10. Be3 c4 11. d4 d5 12. exd5 Nxd5 13. dxe5 Nxe5 14. Nxe5 Bxe5 15. Bh6 Bg7 16. Bxg7 Kxg7 17. Bxd5 Qxd5 18. Qxd5 Bxd5 19. Nd2 Rfe8 20. Rad1 Rad8 21. Nf1 Bf3 22. Rc1 Re2 23. Rxe2 Bxe2 24. Re1 Bf3 25. Re3 Bc6 26. Re2 Rd1 27. Rd2 Ra1 28. a3 Be4 29. f4 Bd3 30. Rf2 Rb1 31. h4 Bxf1 32. Rxf1 Rxb2 33. Rd1 Rb3 34. Rd7 Rxc3 35. Rxb7 Rxg3+ 36. Kf2 Rxa3 37. Rc7 c3 38. Ke2 a5 39. Kd3 a4 40. Kc2 Rb3 41. Ra7 Rb4 42. Kxc3 Rxf4 43. Kb2 Rxh4 44. Ka3 g5 45. Ra5 Kg6 46. Ra6+ f6 47. Ra8 Re4 48. Rg8+ Kf7 49. Rh8 Kg7 50. Ra8 g4 51. Ra7+ Kg6 52. Rc7 g3 53. Rc3 Rg4 54. Rc1 g2 55. Rg1 h5 56. Ka2 h4 57. Ka3 h3 58. Ka2 h2 59. Rxg2 Rxg2+ 60. Ka3 h1Q 61. Kxa4 Rb2 62. Ka3 Qa1# 0-1

[Event "IRI-ch U10"]
[Site "Chess.com INT"]
[Date "2021.01.16"]
[Round "7"]
[White "Talebian Zadeh, Ilia"]
[Black "Mahdizadeh, Sadra"]
[Result "1/2-1/2"]
[WhiteElo "1362"]
[BlackElo "1144"]
[PlyCount "113"]
[EventDate "2021.01.16"]
[EventType "swiss"]
[EventRounds "11"]
[EventCountry "IRI"]
[SourceTitle "EXT 2022"]
[Source "ChessBase"]
[SourceDate "2021.10.06"]
[SourceVersion "1"]
[SourceVersionDate "2021.10.06"]
[SourceQuality "1"]

1. e4 c5 2. Nf3 d6 3. d4 cxd4 4. Nxd4 Nf6 5. Nc3 g6 6. Be2 Bg7 7. Be3 0-0 8. f3 Nc6 9. Qd2 Bd7 10. g4 h5 11. h4 hxg4 12. 0-0-0 Kh7 13. Rdg1 gxf3 14. Bxf3 Rh8 15. h5 Ne5 16. hxg6+ Kg8 17. Rxh8+ Bxh8 18. gxf7+ Kxf7 19. Qe2 Nxf3 20. Nxf3 Qf8 21. Ng5+ Ke8 22. Nb5 Kd8 23. Bxa7 Qg8 24. Bb6+ Kc8 25. Nc3 Bg4 26. Rxg4 Nxg4 27. Qxg4+ Kb8 28. Qd7 Qxg5+ 29. Kd1 Qh5+ 30. Kc1 Qh1+ 31. Nd1 Bxb2+ 32. Kxb2 Qh8+ 33. Nc3 Qc8 34. Qxe7 Ra6 35. Qxd6+ Ka8 36. Nd5 Rxa2+ 37. Kxa2 Qxc2+ 38. Ka3 Qd3+ 39. Ka4 Qc4+ 40. Qb4 Qa2+ 41. Kb5 Qe2+ 42. Kc5 Qc2+ 43. Kd6 Qh2+ 44. e5 Qh6+ 45. e6 Qf8+ 46. e7 Qh6+ 47. Kd7 Qc6+ 48. Kd8 Qxd5+ 49. Ke8 Qg8+ 50. Kd7 Qd5+ 51. Kc7 Qc6+ 52. Kd8 Qd5+ 53. Ke8 Qg8+ 54. Kd7 Qd5+ 55. Qd6 Qf5+ 56. Kd8 Qc8+ 57. Kxc8 1/2-1/2